000 00523nam a2200145Ia 4500
008 100122s9999 xx 000 0 und d
082 _b21438
_a823
100 _aबोरकर लक्ष्मीदास
245 _aनाही कशी म्हणू तुला ?
260 _bप्रियवंदा प्रकाशन
_c1975
300 _a126
630 _aनाही कशी म्हणू तुला ?
730 _aनाही कशी म्हणू तुला ?
942 _cBOOK
999 _c409454
_d409451